000
00291nam a22001337a 4500
008
180927b xxu||||| |||| 00| 0 eng d
020
_a
9781455712304
041
_a
eng
080
_a
616-053.2
100
_a
8
101
_a
PED
245
_a
Pediatric clinics
_c
Laxer,R.M
942
_2
udc
_c
BK
999
_c
48601
_d
48601